000 00504nmm a2200181Ia 4500
008 251105s9999||||xx |||||||||||||||||und||
020 _a9788431554699
041 _aspa
100 _aMusso, Angelo
245 0 _aEl psicólogo en casa
264 _a[Madrid, España] :
_bDe Vecchi,
_c2000
300 _a0 páginas
650 _aSelf-help and personal development
700 _aMusso, Angelo
700 1 _a Gadoni, Ornella
856 _uhttps://public.digitaliapublishing.com/a/31079
942 _cCF
999 _c69248
_d69248